Smile HD Causes of Death Quiz Stats

 Plays Quiz not verified by Sporcle

Challenge
Share
Tweet
Embed
Score 0/6 Timer 02:00
0 Plays Today
Pony COD % Correct
Twilight SparkleDecapitation
92.2%
RarityBeaten
29.4%
Pinkie PieWorld implosion
17.6%
Rainbow DashBrains squeezed out
13.7%
FluttershySpirit ball
13.7%
ApplejackMetsu-hadoken
9.8%

You're not logged in!

Compare scores with friends on all Sporcle quizzes.
OR
Log In

You Might Also Like...

Show Comments

Extras

Top Quizzes Today


Score Distribution

Your Account Isn't Verified!

In order to create a playlist on Sporcle, you need to verify the email address you used during registration. Go to your Sporcle Settings to finish the process.

Report this User

Report this user for behavior that violates our Community Guidelines.

Details: